Titles of Heads of State - Statistics

General Stats
  • This quiz has been taken 189 times
  • The average score is 183 of 196
Answer Stats
Country Capital City % Correct
Switzerland Federal Council / President
99%
Afghanistan | Albania | Algeria | +138 others President
99%
Austria President / Federal President
99%
Cuba President / First Secretary of the Communist Party / First Secretary
99%
Vietnam President / General Secretary of the Communist Party / General Secretary
99%
China President / General Secretary of the Communist Party of China / General Secretary
99%
Bahrain | Belgium | Bhutan | +12 others King
98%
Malaysia Yang di-Pertuan Agong / Supreme Head / King
98%
Antigua and Barbuda | Australia | Bahamas | +14 others Queen
92%
Brunei | Oman Sultan
73%
Japan Emperor
71%
Vatican City Pope
67%
Kuwait | Qatar Emir
66%
Iran Supreme Leader
52%
North Korea Supreme Leader / Chairman of the Workers' Party of Korea
52%
Luxembourg Grand Duke
44%
Andorra Co-Prince
42%
Bosnia and Herzegovina Chairman / High Representative
26%
San Marino Captain Regent
13%
Monaco Sovereign Prince
6%
Liechtenstein Prince Regnant
2%
Samoa O le Ao o le Malo
1%
Libya Chairman of the Presidential Council
0%
Sudan Leader of the Sovereignty Council
0%
No matching quizzes found
Score Distribution
Percent of People with Each Score
Percentile by Number Answered
Your Score History
You have not taken this quiz